000 00942nam a2200241 i 4500
001 23880
003 ES-MaACL
005 20240512063032.0
007 t|
008 021213s1918 sp ||||1| spa d
040 _cES-MaACL
080 _a001.101
100 1 _aAlbiñana Sanz, José María,
_d1883-1936
_919387
_eaut
245 1 3 _aLa ignorancia en las academias /
_cJosé Mª Albiñana Sanz
260 _aMadrid :
_bTipográfica Giralda,
_c1918
300 _a41 páginas ;
_c19 cm.
500 _aEn port.: Comentarios al discurso leído en la Real Academia Nacional de Medicina por el académico de número D. Luis Ortega Morejón en la solemne sesión de 26 de mayo de 1918, contestando al de ingreso del electo D. Enrique Fernández Sanz
650 7 _2embne
_9236326
_aSaber y erudición
852 _aES-MaACL
_cDEPOF
_j1551-F-1
942 _cFOLLETOS
_n0
999 _c23880
_d23880